| 000 | 00509nam a22001937a 4500 | ||
|---|---|---|---|
| 003 | OSt | ||
| 005 | 20260629113114.0 | ||
| 008 | 260629b |||||||| |||| 00| 0 eng d | ||
| 020 | _a9781982102081 | ||
| 040 | _cChuka University Library | ||
| 050 |
_aBF 637 _b.N68 2018 |
||
| 100 |
_aGayle King _931370 |
||
| 245 | _aNote To Self | ||
| 260 |
_aNew York _bSimon $ Schuster Paperbacks _c2018 |
||
| 300 | _a198.p | ||
| 650 |
_aConduct Of Life _921596 |
||
| 650 |
_aSelf Realization _911403 |
||
| 942 |
_2lcc _cBK _n0 |
||
| 999 |
_c25298 _d25298 |
||